000 nam a22 a 4500
999 _c2698
_d2698
005 20170517153119.0
008 170517t1987 my ||||| |||| 00| 0 eng d
020 _a40035745101
040 _aAKMAL
082 _a499.2382 ABD
090 _a499.2382
_bABD
245 _a30 Tahun Perancangan Bahasa Malaysia
260 _aKuala Lumpur
_bDewan Bahasa dan Pustaka
_c1987
260 _bKementerian Pendidikan Malaysia
300 _a142p
_c22cm
650 _aBahasa
_95359
942 _2ddc
_cBOOK